| 000 | 00729nam a2200253Ia 4500 | ||
|---|---|---|---|
| 003 | OSt | ||
| 005 | 20220918222250.0 | ||
| 006 | a|||||r|||| 00| 0 | ||
| 007 | ta | ||
| 008 | 220917b |||||||| |||| 00| 0 eng d | ||
| 024 | _a216,298 | ||
| 037 | _cTextual | ||
| 040 |
_aARTS _cARTS _beng |
||
| 041 |
_2eng _aeng |
||
| 082 | _a2:(D65,8(B)):88g, P1(2D) | ||
| 100 |
_aJones Maggie _9142692 |
||
| 245 | 0 | _aPreservation management of digital materials | |
| 260 |
_aLondon _bThe British library _c2001 |
||
| 300 |
_avi, 139p _ccm. |
||
| 650 | _aLIBRARY SCIENCE | ||
| 700 |
_a Beagrie Neil _9142693 |
||
| 942 |
_h2:(D65,8(B)):88g, P1(2D) _cTEXL _2CC |
||
| 999 |
_c275042 _d275042 |
||